000 00462nam a2200169Ia 4500
005 20240722055009.0
008 240331s9999 xx 000 0 und d
082 _a247
_bTRA
245 0 _aTranscending boundaries :
_bperspective on faith social action and socidarity
260 _aMaharashtra
_bVikas Adhyan Kendra
_c1995
300 _a iv, 347 p .,
650 _aSocial
650 _aSociety
650 _aPolitical
700 _aSail, R.K.
_eedt
942 _cL
999 _c824
_d824